000 00778cam a2200217 4500
001 ABS61940
008 000000n2000 000 0 eng u
035 _a(Sirsi) u104416
100 _aHamson, L.
245 _aToo unlimited?
260 _c2000
490 _aProperty Week
_v65(6) 11 February 2000 32-33(1)
520 _aThe obstacles to securitisation still exist. Limited liability partnerships could offer an alternative but there is disagreement over whether they do.
590 _aABS
650 _aLIMITED LIABILITY BILL
650 _aSECURITISATION
650 _aINVESTMENT PROPERTY FORUM'S CODE FOR PROPERTY PERFORMANCE REPORTING
650 _aLIMITED LIABILITY PARTNERSHIPS
690 _aMANAGEMENT-BUSINESS MANAGEMENT-FINANCIAL MANAGEMENT
942 _n0
999 _c62643
_d62643